[Event "Avoine op 37th"]
[Site "Avoine"]
[Date "2023.07.24"]
[Round "3"]
[White "Abergel, Thal"]
[Black "Budak, Rewi"]
[Result "1-0"]
[WhiteElo "2375"]
[BlackElo "2075"]
[PlyCount "79"]
[EventDate "2023.07.22"]
[EventType "swiss"]
[EventRounds "9"]
[EventCountry "FRA"]
[SourceTitle "CBM 215 Extra"]
[Source "ChessBase"]
[SourceDate "2023.09.30"]
[SourceVersion "1"]
[SourceVersionDate "2023.09.30"]
[SourceQuality "1"]

1. Nf3 d6 2. g3 e5 3. d3 g6 4. Nc3 Bg7 5. Bg5 f6 6. Bd2 d5 7. Bg2 Ne7 8. e4 d4 9. Ne2 c5 10. Qc1 h6 11. a3 Be6 12. 0-0 Qd7 13. c3 Na6 14. Ne1 h5 15. f4 Bg4 16. Nf3 dxc3 17. Qxc3 Rd8 18. fxe5 fxe5 19. Nc1 0-0 20. Bg5 Qe6 21. Ne2 Rd7 22. Be3 Bxf3 23. Bxf3 Rfd8 24. Rad1 Nc6 25. Bg5 Bf6 26. Bxf6 Qxf6 27. Bg4 Qxf1+ 28. Rxf1 hxg4 29. Qb3+ Kg7 30. Qe6 Nc7 31. Qf6+ Kh7 32. Qg5 Ne8 33. Qxg4 Kg7 34. Qf3 Kh7 35. Nc3 Rxd3 36. Qf7+ Ng7 37. Rf6 Nd4 38. Rxg6 Rg8 39. Qf6 Nf3+ 40. Kf2 1-0

[Event "World Corporate East D"]
[Site "Chess.com INT"]
[Date "2021.02.19"]
[Round "1.5"]
[White "Budak, Rewi"]
[Black "Smirin, Ilia"]
[Result "0-1"]
[WhiteElo "2065"]
[BlackElo "2614"]
[PlyCount "114"]
[EventDate "2021.02.19"]
[EventType "team (rapid)"]
[EventRounds "7"]
[EventCountry "USA"]
[SourceTitle "EXT 2022"]
[Source "ChessBase"]
[SourceDate "2021.10.06"]
[SourceVersion "1"]
[SourceVersionDate "2021.10.06"]
[SourceQuality "1"]
[WhiteTeam "SII France"]
[BlackTeam "Slav Group"]
[WhiteTeamCountry "FRA"]
[BlackTeamCountry "ISR"]

1. e4 c5 2. Nf3 e6 3. d4 cxd4 4. Nxd4 a6 5. c4 Nf6 6. Nc3 Bb4 7. Qd3 0-0 8. e5 Ne8 9. Be2 d6 10. exd6 Nxd6 11. 0-0 e5 12. Nc2 Bf5 13. Qd1 Bxc3 14. bxc3 Qc7 15. Ne3 Be6 16. Nd5 Bxd5 17. Qxd5 Nc6 18. Ba3 Rfd8 19. Qc5 Nf5 20. Bf3 Rac8 21. Rab1 Na5 22. Qxc7 Rxc7 23. Rfd1 Rdc8 24. Bg4 g6 25. Bxf5 gxf5 26. Bd6 Rd7 27. Bxe5 Rxd1+ 28. Rxd1 Nxc4 29. Bf6 h6 30. Rd8+ Rxd8 31. Bxd8 Kf8 32. Kf1 Ke8 33. Bc7 Kd7 34. Bf4 h5 35. Ke2 Ke6 36. Kd3 Kd5 37. h3 b5 38. Bc1 Ne5+ 39. Ke3 Ng6 40. g3 Kc4 41. Kd2 Ne7 42. Kc2 Nd5 43. Bd2 a5 44. Be1 f4 45. Bd2 f3 46. Be1 Nf6 47. Bd2 Ne4 48. Be1 f5 49. a3 a4 50. h4 f4 51. gxf4 Nd6 52. Bd2 Nf5 53. Be3 Nxh4 54. Kd2 Nf5 55. Bb6 h4 56. Ke1 h3 57. Kf1 h2 0-1

[Event "World Corporate East D"]
[Site "Chess.com INT"]
[Date "2021.02.19"]
[Round "3.13"]
[White "Kirszenberg, Marc"]
[Black "Budak, Rewi"]
[Result "1-0"]
[WhiteElo "2130"]
[BlackElo "2065"]
[PlyCount "67"]
[EventDate "2021.02.19"]
[EventType "team (rapid)"]
[EventRounds "7"]
[EventCountry "USA"]
[SourceTitle "EXT 2022"]
[Source "ChessBase"]
[SourceDate "2021.10.06"]
[SourceVersion "1"]
[SourceVersionDate "2021.10.06"]
[SourceQuality "1"]
[WhiteTeam "Carte Blanche Partenaires"]
[BlackTeam "SII France"]
[WhiteTeamCountry "FRA"]
[BlackTeamCountry "FRA"]

1. d4 c5 2. c3 d5 3. Nf3 Nf6 4. Bf4 e6 5. e3 Nc6 6. Nbd2 Be7 7. h3 0-0 8. Bd3 a6 9. a4 Bd7 10. 0-0 Qb6 11. Qb1 Rfc8 12. Ne5 Be8 13. Ndf3 Rd8 14. Nxc6 bxc6 15. a5 Qb7 16. Bg5 h6 17. Bxf6 Bxf6 18. dxc5 Rab8 19. Ra2 Qa7 20. Nd4 g6 21. b4 e5 22. Ne2 e4 23. Bc2 Bd7 24. Nd4 Re8 25. Qd1 Re5 26. Ba4 Qc7 27. Kh1 Rbe8 28. Qe2 Rh5 29. f4 exf3 30. Qxf3 Bg7 31. Qxf7+ Kh7 32. Bc2 Rf8 33. Qxg6+ Kg8 34. Qh7# 1-0

[Event "FISU World University"]
[Site "Tornelo INT"]
[Date "2020.10.27"]
[Round "4.14"]
[White "Budak, Rewi"]
[Black "De Las Heras Figueroa, Rodrigo"]
[Result "1-0"]
[WhiteElo "2065"]
[BlackElo "1999"]
[PlyCount "63"]
[EventDate "2020.10.26"]
[EventType "team-swiss (rapid)"]
[EventRounds "9"]
[EventCountry "NET"]
[SourceTitle "CBM 199 Extra"]
[Source "ChessBase"]
[SourceDate "2021.01.31"]
[SourceVersion "1"]
[SourceVersionDate "2021.01.31"]
[SourceQuality "1"]
[WhiteTeam "France"]
[BlackTeam "Spain III"]
[WhiteTeamCountry "FRA"]
[BlackTeamCountry "ESP"]

1. e4 c6 2. Ne2 d5 3. e5 Bf5 4. Ng3 Bg6 5. h4 h6 6. h5 Bh7 7. e6 Nf6 8. d4 Qd6 9. exf7+ Kxf7 10. Bd3 e5 11. Bxh7 Rxh7 12. 0-0 e4 13. c4 Nbd7 14. Nc3 Re8 15. cxd5 cxd5 16. Qb3 Qb6 17. Bf4 Qxb3 18. axb3 a6 19. Rfc1 Ke6 20. Na4 Bd6 21. Bxd6 Kxd6 22. Rc2 Nb8 23. Nc5 Nc6 24. Nxb7+ Kd7 25. Rxa6 Nxd4 26. Rd6+ Ke7 27. Rc7+ Kf8 28. Rxf6+ gxf6 29. Rxh7 Kg8 30. Rxh6 Kg7 31. Rg6+ Kf7 32. Nd6+ 1-0

[Event "FRA-ch Students"]
[Site "Nancy"]
[Date "2020.02.08"]
[Round "2"]
[White "Boutillon, Nathanael"]
[Black "Budak, Rewi"]
[Result "0-1"]
[WhiteElo "1900"]
[BlackElo "2079"]
[PlyCount "58"]
[EventDate "2020.01.??"]
[EventType "swiss (rapid)"]
[EventRounds "9"]
[EventCountry "FRA"]
[SourceTitle "EXT 2021"]
[Source "ChessBase"]
[SourceDate "2020.10.23"]
[SourceVersion "1"]
[SourceVersionDate "2020.10.23"]
[SourceQuality "1"]

1. e4 c5 2. Nf3 Nc6 3. d4 cxd4 4. Nxd4 Qb6 5. Nf3 e6 6. Be2 Nf6 7. e5 Ng4 8. 0-0 Ngxe5 9. Nc3 Be7 10. Nxe5 Nxe5 11. Be3 Qc6 12. Bb5 Qc7 13. Bf4 0-0 14. Ne4 d5 15. Qd4 Nf3+ 16. gxf3 Qxf4 17. Rfe1 dxe4 18. Rxe4 Qg5+ 19. Rg4 Qf6 20. Qe4 Qf5 21. Qe2 Bf6 22. Bd3 Qh5 23. f4 Kh8 24. Kh1 e5 25. Rxg7 Qxe2 26. Rxh7+ Kg8 27. Rg1+ Qg4 28. h3 Qxg1+ 29. Kxg1 exf4 0-1

[Event "Avoine op 33rd"]
[Site "Avoine"]
[Date "2018.07.23"]
[Round "3"]
[White "Budak, Rewi"]
[Black "Bouget, Alexandre"]
[Result "1-0"]
[WhiteElo "2075"]
[BlackElo "2282"]
[PlyCount "81"]
[EventDate "2018.07.21"]
[EventType "swiss"]
[EventRounds "9"]
[EventCountry "FRA"]
[SourceTitle "CBM 185 Extra"]
[Source "ChessBase"]
[SourceDate "2018.07.29"]
[SourceVersion "1"]
[SourceVersionDate "2018.07.29"]
[SourceQuality "1"]

1. e4 e6 2. d4 d5 3. Nd2 Nf6 4. e5 Nfd7 5. f4 c5 6. c3 Nc6 7. Ndf3 Qb6 8. g3 cxd4 9. cxd4 Bb4+ 10. Kf2 f6 11. Kg2 Be7 12. Bd3 f5 13. Ne2 a6 14. h3 Qa7 15. a3 b5 16. Bd2 Nb6 17. b3 Bd7 18. Qc2 0-0 19. g4 g6 20. h4 Rfc8 21. Qb1 Be8 22. h5 fxg4 23. Nh2 gxh5 24. Nxg4 Bd8 25. Nh6+ Kh8 26. Kf3 Rc7 27. Be3 Rb8 28. Qf1 Rg7 29. Qh3 Rbb7 30. Rag1 Rbe7 31. f5 exf5 32. Bg5 Rxg5 33. Rxg5 Bg6 34. Rxf5 Kg7 35. Rxh5 Bxd3 36. Rg1+ Bg6 37. Nf5+ Kf8 38. Rxg6 hxg6 39. Rh8+ Kf7 40. Nd6+ Kg7 41. Qh6# 1-0

[Event "Avoine op 32nd"]
[Site "Avoine"]
[Date "2017.07.22"]
[Round "5"]
[White "Burri, Quentin"]
[Black "Budak, Rewi"]
[Result "1-0"]
[WhiteElo "2397"]
[BlackElo "2080"]
[PlyCount "119"]
[EventDate "2017.07.22"]
[EventType "swiss"]
[EventRounds "9"]
[EventCountry "FRA"]
[SourceTitle "CBM 179 Extra"]
[Source "ChessBase"]
[SourceDate "2017.08.23"]
[SourceVersion "1"]
[SourceVersionDate "2017.08.23"]
[SourceQuality "1"]

1. e4 c5 2. Nf3 e6 3. d4 cxd4 4. Nxd4 a6 5. Bd3 d6 6. 0-0 Nd7 7. c4 Ne5 8. Nf3 Nf6 9. Nxe5 dxe5 10. Nc3 Bd7 11. Qe2 Bc5 12. Bg5 h6 13. Bh4 Bc6 14. Kh1 Qc7 15. Rac1 Nd7 16. Nd5 Qb8 17. b4 Bd4 18. Nc3 Nf8 19. f3 Ng6 20. Bf2 0-0 21. g3 Rd8 22. Rfd1 Qa7 23. Kg2 Be8 24. Qe1 Rac8 25. Ne2 Be3 26. Qg1 Bxf2 27. Qxf2 Qa8 28. Qb6 Rc6 29. Qe3 Rc7 30. Nc3 Rcd7 31. a4 Rd4 32. a5 Ne7 33. Ne2 R4d7 34. Bc2 Rxd1 35. Rxd1 Rxd1 36. Bxd1 Qd8 37. Bc2 Qd6 38. Qc3 Kf8 39. Bd3 Nc6 40. c5 Qd8 41. Kf2 Nd4 42. Bc4 Nxe2 43. Kxe2 Qc7 44. Ke3 Ke7 45. Bb3 Bb5 46. Bc4 Bxc4 47. Qxc4 Qd7 48. Qd3 Qxd3+ 49. Kxd3 Kd7 50. Kc3 g5 51. g4 Kc7 52. Kc4 Kc6 53. b5+ axb5+ 54. Kb4 f6 55. h3 f5 56. gxf5 exf5 57. exf5 e4 58. fxe4 h5 59. f6 Kd7 60. a6 1-0

[Event "Avoine op 32nd"]
[Site "Avoine"]
[Date "2017.07.22"]
[Round "1"]
[White "Maiorov, Nikita"]
[Black "Budak, Rewi"]
[Result "1-0"]
[WhiteElo "2531"]
[BlackElo "2080"]
[PlyCount "65"]
[EventDate "2017.07.22"]
[EventType "swiss"]
[EventRounds "9"]
[EventCountry "FRA"]
[SourceTitle "CBM 179 Extra"]
[Source "ChessBase"]
[SourceDate "2017.08.23"]
[SourceVersion "1"]
[SourceVersionDate "2017.08.23"]
[SourceQuality "1"]

1. d4 c5 2. d5 e5 3. e4 d6 4. Bb5+ Nd7 5. Nf3 g6 6. 0-0 a6 7. Be2 Ngf6 8. Nfd2 Bh6 9. a4 0-0 10. a5 Ne8 11. Nc4 Bxc1 12. Qxc1 b5 13. axb6 Nxb6 14. Nxb6 Qxb6 15. Nd2 f5 16. Nc4 Qd8 17. f4 Nf6 18. exf5 Bxf5 19. fxe5 dxe5 20. d6 Nd5 21. Qd2 Nf4 22. Bf3 e4 23. Qxf4 exf3 24. Qxf3 Be6 25. Qxf8+ Qxf8 26. Rxf8+ Rxf8 27. Ne5 Ra8 28. d7 Rd8 29. Rxa6 Bf5 30. Rc6 Kg7 31. g4 Bxd7 32. Rc7 Kf6 33. Nxd7+ 1-0

[Event "FRA-ch U20"]
[Site "Gonfreville"]
[Date "2016.04.11"]
[Round "2"]
[White "Budak, Rewi"]
[Black "Dutreuil, Raphael"]
[Result "0-1"]
[WhiteElo "1957"]
[BlackElo "2204"]
[PlyCount "108"]
[EventDate "2016.04.10"]
[EventType "swiss"]
[EventRounds "9"]
[EventCountry "FRA"]
[SourceTitle "CBM 171 Extra"]
[Source "ChessBase"]
[SourceDate "2016.04.26"]
[SourceVersion "1"]
[SourceVersionDate "2016.04.26"]
[SourceQuality "1"]

1. e4 c5 2. Nc3 e6 3. Nf3 Nc6 4. Bc4 a6 5. a4 Nf6 6. d3 d5 7. exd5 exd5 8. Ba2 Be7 9. 0-0 0-0 10. Bg5 Be6 11. Ne2 h6 12. Bxf6 Bxf6 13. c3 Bg4 14. Nf4 d4 15. h3 Bxf3 16. Qxf3 dxc3 17. bxc3 Bxc3 18. Rac1 Bd2 19. Ng6 Nd4 20. Qh5 Bxc1 21. Nxf8 Qxf8 22. Rxc1 Re8 23. Rxc5 Re1+ 24. Kh2 Ne6 25. Rf5 g6 26. Qg4 Qd6+ 27. f4 Rf1 28. Bxe6 Qxe6 29. Re5 Qxg4 30. hxg4 Rxf4 31. Re7 Rxg4 32. Rxb7 Rxa4 33. Kg3 Rd4 34. Rb3 Kf8 35. Kf3 Ke7 36. Ke3 Rd6 37. d4 Ke6 38. Rb8 g5 39. Rh8 Kd5 40. Kd3 Rb6 41. Rd8+ Ke6 42. d5+ Ke5 43. Kc4 Rb2 44. Re8+ Kd6 45. Rh8 Rxg2 46. Rxh6+ Ke5 47. Rxa6 Rc2+ 48. Kb3 Rc5 49. d6 Rd5 50. Ra7 f5 51. Rg7 Kf6 52. Rd7 Ke6 53. Rg7 g4 54. Rg6+ Ke5 0-1

[Event "Chateauroux op 15th"]
[Site "Chateauroux"]
[Date "2014.10.27"]
[Round "4"]
[White "Meunier Pion, Jean"]
[Black "Budak, Rewi"]
[Result "0-1"]
[WhiteElo "1730"]
[BlackElo "1829"]
[PlyCount "100"]
[EventDate "2014.10.25"]
[EventType "swiss"]
[EventRounds "7"]
[EventCountry "FRA"]
[SourceTitle "EXT 2015"]
[Source "ChessBase"]
[SourceDate "2014.11.20"]
[SourceVersion "1"]
[SourceVersionDate "2014.11.20"]
[SourceQuality "1"]

1. e4 c5 2. Nf3 Nc6 3. Bb5 a6 4. Bxc6 dxc6 5. h3 Nf6 6. d3 Qc7 7. Nc3 e5 8. 0-0 h6 9. Nh2 Bd6 10. Be3 Be6 11. Qe2 0-0-0 12. a3 Nd7 13. Rfb1 g6 14. b4 f5 15. Na4 cxb4 16. axb4 f4 17. Bd2 b5 18. Nb2 Kb7 19. Ra5 Nf6 20. Rba1 Ra8 21. d4 Nd7 22. Nf3 g5 23. Bc3 g4 24. Nxe5 Bxe5 25. dxe5 f3 26. gxf3 gxh3 27. Nd3 Bc4 28. f4 Bxd3 29. cxd3 Nb6 30. Qf3 Na4 31. Bd2 Rhg8+ 32. Kh1 Qd7 33. f5 Qd4 34. Rc1 Rg2 35. Qxh3 Rxf2 36. Be3 Qxd3 37. Kg1 Re2 38. Qxh6 Qxe3+ 39. Qxe3 Rxe3 40. Rd1 Rxe4 41. Rd7+ Kb6 42. Re7 Rg8+ 43. Kf2 Rf4+ 44. Ke3 Rxf5 45. Ke4 Rf1 46. e6 Rg4+ 47. Ke5 Rxb4 48. Rxa4 Rxa4 49. Rf7 Re1+ 50. Kf5 Rae4 0-1

[Event "Avoine op 29th"]
[Site "Avoine"]
[Date "2014.07.22"]
[Round "4"]
[White "Rodon, Gurvan"]
[Black "Budak, Rewi"]
[Result "1-0"]
[WhiteElo "2039"]
[BlackElo "1795"]
[PlyCount "119"]
[EventDate "2014.07.19"]
[EventType "swiss"]
[EventRounds "9"]
[EventCountry "FRA"]
[SourceTitle "CBM 161 Extra"]
[Source "ChessBase"]
[SourceDate "2014.08.29"]
[SourceVersion "1"]
[SourceVersionDate "2014.08.29"]
[SourceQuality "1"]

1. d4 c5 2. d5 e5 3. e4 d6 4. c4 g6 5. Nc3 Bg7 6. Be3 Ne7 7. Bd3 0-0 8. f3 Na6 9. a3 Nc7 10. Nge2 f5 11. b4 f4 12. Bf2 b6 13. Qc2 Bd7 14. Nc1 g5 15. Be2 Ng6 16. Nb3 Nh4 17. Bxh4 gxh4 18. h3 Qg5 19. Bd3 Rf6 20. b5 Rg6 21. Bf1 Ne8 22. Ne2 Bf6 23. Kd2 Bd8 24. a4 Nf6 25. Kc3 Nh5 26. Kb2 Ng3 27. Nxg3 fxg3 28. Qd2 Qh5 29. Bd3 Bg5 30. Qe2 Qh6 31. Rhe1 Qg7 32. Ra2 Rf8 33. a5 Bd8 34. axb6 Bxb6 35. Na5 Bxh3 36. gxh3 g2 37. Rg1 Rg3 38. Nc6 Rfxf3 39. Bb1 Qd7 40. Rxg2 Qxh3 41. Ka1 Rxg2 42. Qxg2+ Qg3 43. Ne7+ Kf7 44. Nf5 Rxf5 45. Qxg3 hxg3 46. exf5 h5 47. Be4 Kf6 48. Bf3 h4 49. Bg4 Kg5 50. Bh3 e4 51. Kb1 e3 52. Kc1 Kf4 53. f6 Bd8 54. f7 Be7 55. Kd1 Kf3 56. Ke1 Bf8 57. Kf1 Bg7 58. Bg2+ Kg4 59. Rxa7 h3 60. Re7 1-0